Verejné obsatrávanie a efektívnosť verejných financií

Salvato in:
Dettagli Bibliografici
Autore principale: Péliová, Jana, 1976-
Natura: Capitolo di libro
Lingua:slovacco
Tags: Aggiungi Tag
Nessun Tag, puoi essere il primo ad aggiungerne!!

MARC

LEADER 00000naa$a2200000$$$4500
001 0115715
005 20240502083304.5
041 0 |a slo 
044 |a CZ 
245 1 0 |a Verejné obsatrávanie a efektívnosť verejných financií  |c Jana Péliová 
100 1 |a Péliová, Jana, 1976-